La creatividad en una cultura conformista: un desafío a las masas

Salvato in:
Dettagli Bibliografici
Autori principali: Sternberg, Robert J (Autore), Lubart, Todd I (Autore)
Natura: Libro
Lingua:spagnolo
Pubblicazione: Barcelona Paidós 1997
Serie:Paidós Transiciones, 1
Soggetti:
Tags: Aggiungi Tag
Nessun Tag, puoi essere il primo ad aggiungerne!!

MARC

LEADER 00000nam a2200000 a 4500
001 UCQ2579
003 CL-VaPUC
008 980724e19970000SP |||||||||||||||||spa|d
082 0 4 |a 153.35  |b STE  |2 21 
100 0 |a Sternberg, Robert J  |e author  |9 416547 
700 0 |a Lubart, Todd I  |e author  |9 416548 
245 1 3 |a La creatividad en una cultura conformista: un desafío a las masas 
300 |a 333 p 
942 |c BK 
945 |d 19980724 00:00:00  |a aarredon 
260 |a Barcelona  |b Paidós  |c 1997 
650 0 |a Creatividad   |9 310816 
650 0 |a Personalidad   |9 307255 
650 0 |a Imaginación  |9 269378 
650 0 |a Inteligencia  |9 267038 
650 0 |a Cognición   |9 270347 
650 7 |a CONOCIMIENTO  |2 CL-VaPUC  |9 308991 
583 |a last modification  |c 19980724 00:00:00  |k Rodrigo Vera 
490 0 |a Paidós Transiciones, 1 
999 |c 273381  |d 273379 
952 |0 0  |1 0  |4 0  |6 153_350000000000000_STE_1997  |7 0  |8 A  |9 308895  |a BIBEDU  |b BIBEDU  |d 2019-11-20  |i 3445801  |o 153.35 STE 1997  |p 3445801  |r 2019-11-20  |w 2019-11-20  |y BK  |k EDU